|
|
|
|
| LEADER |
00000nab a2200000 4500 |
| 001 |
vtls008693437 |
| 003 |
SK-MaSNL |
| 005 |
20260303073844.0 |
| 008 |
140301 1950 xo p 000 0 slo |
| 015 |
|
|
|a SNBRRBDKK190120XX
|
| 035 |
|
|
|a CLAS02vtls000013046
|
| 040 |
|
|
|a SNKNBURB
|b slo
|c SNKNBURBDKK
|e a
|
| 041 |
0 |
|
|a slo
|
| 044 |
|
|
|a xo
|c SK
|
| 080 |
|
|
|a 01
|x (05)
|x (438)
|2 1997
|
| 100 |
1 |
|
|a Kuzmík, Jozef,
|d 1921-2001
|4 aut
|9 88876
|
| 245 |
1 |
0 |
|a Biuletyn Institutu bibliograficznego
|c Jozef Kuzmík
|
| 500 |
|
|
|a Rubrika: Posudky
|
| 520 |
2 |
|
|a Informácia o poľskom časopise venovanom teórii a dejinám bibliografie približuje podrobne obsah jednotlivých uverejnených štúdí
|
| 650 |
0 |
7 |
|a bibliografia
|x periodiká
|x Biuletyn Institutu bibliograficznego kniga
|z Poľsko
|x informácie
|2 SNKNBURBDKK
|9 1076064
|
| 773 |
0 |
|
|t Knižnica : časopis pre knihovedný výskum
|g Roč. 2 (6) (1950), s. 146-148
|
| 787 |
0 |
8 |
|i Rec.:
|t Biuletyn Institutu bibliograficznego
|d Warszawa : Biblioteka Narodowa, 1950
|
| 850 |
|
|
|a SNK
|
| 852 |
|
|
|a SNK
|b KIS3GCP
|
| 856 |
4 |
1 |
|u http://www.viks.sk/dkk/kniznica1950_146_148.doc
|y plný text
|
| 910 |
|
|
|a bdkk
|a memoriask
|
| 999 |
|
|
|c 1769394
|d 1771324
|